000
00167 a2200085 4500
041
_a
spa
100
_a
anonimo
245
_a
Revista del patrimonio Nacional
942
_c
BK
999
_c
10025
_d
10025